| 000 | 00581nam a2200241Ia 4500 | ||
|---|---|---|---|
| 005 | 20250425162630.0 | ||
| 008 | 250425s9999 xx 000 0 und d | ||
| 020 | _a9789978811573 | ||
| 041 | _aspa | ||
| 043 | _aec | ||
| 082 | _a345 | ||
| 100 | _aEDICIONES, LEGALES | ||
| 245 | 0 | _aCODIGO ORGANICO INTEGRAL PENAL | |
| 250 | _a1A ED. | ||
| 260 |
_aEcuador _bEDICIONES LEGALES _c2014 |
||
| 260 |
_aGUAYAQUIL _bCORPORACION MYL |
||
| 300 | _a336 | ||
| 650 | _aDERECHO | ||
| 650 | _aLIBERTAD | ||
| 710 | _aEDICIONES LEGALES DEL ECUADOR | ||
| 942 | _c01 | ||
| 010 | _a91564 | ||
| 999 |
_c233253 _d233253 |
||